Länder die schwarz in ihrer Flagge haben - Statistiken

Allgemein
  • Dieses Quiz wurde 41 mal gespielt
    23 seit der letzten Aktualisierung
  • Das Durchschnittsergebnis liegt bei 17 aus 23
Answers on the Grid
Answers color-coded by a green-red scale on the quiz's grid according to % correct below.
Vereinigte Arabische Emirate
Usbekistan
Syrien
Sudan
Südafrika
Spanien
Sambia
Papua-Neuguinea
Norwegen
Namibia
Mosambik
Malawi
Libyen
Kuwait
Kenia
Kambodscha
Jordanien
Jemen
Japan
Irak
Estland
Deutschland
Belize
Belgien
Barbados
Australien
Angola
Albanien
Ägypten
Afghanistan
 
Antwortstatistiken
Antwort % Korrekt
Sudan
90%
Ägypten
85%
Albanien
85%
Belgien
85%
Deutschland
85%
Südafrika
85%
Syrien
85%
Angola
80%
Jordanien
80%
Estland
75%
Irak
75%
Kenia
75%
Libyen
75%
Malawi
75%
Papua-Neuguinea
75%
Vereinigte Arabische Emirate
75%
Afghanistan
70%
Jemen
65%
Kuwait
65%
Mosambik
65%
Sambia
60%
Barbados
45%
Belize
20%
Keine übereinstimmenden Quizze gefunden
Verteilung der Resultate
Anzahl Personen mit jedem Resultat
Perzentil nach korrekt beantworteten Fragen
Ihre Resultats-Entwicklung
Sie haben dieses Quiz seit der letzten Aktualisierung nicht gespielt